000 00500nam a22001697a 4500
005 20251108173531.0
008 250721s2006 xx 000 0 ara d
082 1 4 _a370.19/ صاب
100 1 _aالصابوني، معتز
245 1 0 _aعلم الاجتماع التربوي /
264 1 _aعمان :
_bدارأسامة،
_c2006.
300 _a176ص.
650 1 7 _aعلم الاجتماع التربوي
650 1 7 _aعلم النفس التربوي
942 _2ddc
_cBK
999 _c106193
_d106193